00663nam a22001337a 4500008004100000040005500041080002600096245028000122260005500402300001500457650002000472653001600492700002100508230428b |||||||| |||| 00| 0 eng d aNational Science LibrarycNational Science Library a537.311.33(082.2)bL1 aRecent advances in semiconductor: bTheory and technology c/Hindustan Publishing Corporation, proceedings of the international advanced school on theory and technology of semiconductors, held during 6th April- 5th May, 1968 at Indian institute of technology, New Delhi  aDelhi: bHindustan Publishing Corporation, c1971  avi, 255p.  aSemiconductors  aTechnology  aJain, S C (Ed.)